Strzelcy bramek w 17 kolejce Ekstraklasy w sezonie 20/21. - Statystyki

Ogólne statystyki
  • Ten quiz został rozwiązany 10 razy
  • Średni wynik to 8 z 12
Statystyki odpowiedzi
Mecz Piłkarz % Poprawnych
Jagiellonia Białystok - Legia Warszawa 1:1 Pekhart
100%
Jagiellonia Białystok - Legia Warszawa 1:0 Imaz
89%
Górnik Zabrze - Stal Mielec 2:1 Krawczyk
89%
Raków Częstochowa - Lechia Gdańsk 0:1 Kubicki
89%
Górnik Zabrze - Stal Mielec 0:1 Kolev
78%
Warta Poznań - Zagłębie Lubin 1:0 Trałka
78%
Śląsk Wrocław - Wisła Kraków 1:1 Yeboah
67%
Cracovia - Podbeskidzie 0:1 Hora
56%
Cracovia - Podbeskidzie 1:1 van Amersfoort
56%
Górnik Zabrze - Stal Mielec 1:1 Wiśniewski
56%
Śląsk Wrocław - Wisła Kraków 1:0 Scalet
44%
Wisła Płock - Lech Poznań 1:0 Susnjara
33%
Nie znaleziono quizów pasujących do podanych kryteriów
Rozkład punktacji
Procent ludzi z każdym wynikiem
Percentyl według liczby udzielonych odpowiedzi
Twoja historia wyników
Nie rozwiązałeś tego quizu